[Event "Ruhrgebiet VK2 1213"]
[Site "Nordrheinwestfalen"]
[Date "2013.04.07"]
[Round "8.3"]
[White "Hinkmann, Jens"]
[Black "Kock, Wolfgang"]
[Result "1-0"]
[WhiteElo "1936"]
[BlackElo "2018"]
[PlyCount "55"]
[EventDate "2012.09.02"]
[EventType "team-tourn"]
[EventRounds "9"]
[EventCountry "GER"]
[SourceTitle "EXT 2020"]
[Source "ChessBase"]
[SourceDate "2019.10.17"]
[SourceVersion "1"]
[SourceVersionDate "2019.10.17"]
[SourceQuality "1"]
[WhiteTeam "Bochum Uni"]
[BlackTeam "Castrop Rauxel II"]
[WhiteTeamCountry "GER"]
[BlackTeamCountry "GER"]

1. e4 d5 2. exd5 Qxd5 3. Nc3 Qd6 4. d4 Nf6 5. Nf3 a6 6. h3 g6 7. Bc4 Bg7 8. 0-0 0-0 9. Re1 b5 10. Bb3 Bb7 11. Ne5 Nc6 12. Nxc6 Bxc6 13. Bg5 Rad8 14. d5 Ba8 15. Qe2 Rd7 16. Rad1 Re8 17. Bh4 b4 18. Bg3 Qb6 19. Na4 Qa7 20. c4 bxc3 21. Nxc3 Rdd8 22. Qc4 Rc8 23. Ba4 Red8 24. Rxe7 Bf8 25. Rxc7 Rxc7 26. Qxc7 Qxc7 27. Bxc7 Rc8 28. d6 1-0

[Event "Ruhrgebiet VK2 1213"]
[Site "Nordrheinwestfalen"]
[Date "2012.10.28"]
[Round "3"]
[White "Kock, Wolfgang"]
[Black "Schoetz, Hans Joachim"]
[Result "1-0"]
[WhiteElo "2018"]
[BlackElo "1845"]
[PlyCount "55"]
[EventDate "2012.09.02"]
[EventType "team-tourn"]
[EventRounds "9"]
[EventCountry "GER"]
[SourceTitle "EXT 2020"]
[Source "ChessBase"]
[SourceDate "2019.10.17"]
[SourceVersion "1"]
[SourceVersionDate "2019.10.17"]
[SourceQuality "1"]
[WhiteTeam "Castrop Rauxel II"]
[BlackTeam "Boenen SV"]
[WhiteTeamCountry "GER"]
[BlackTeamCountry "GER"]

1. c4 e6 2. g3 d5 3. Bg2 Nc6 4. Nf3 Nf6 5. 0-0 Be7 6. d3 0-0 7. a3 dxc4 8. d4 e5 9. dxe5 Ng4 10. Qc2 Ngxe5 11. Nxe5 Nxe5 12. Rd1 Bd6 13. Nd2 Qf6 14. Nxc4 Bf5 15. Qc3 Nxc4 16. Qxc4 c6 17. e4 Be6 18. Qc2 Rad8 19. Be3 Be5 20. Bxa7 Bxb2 21. Rab1 Qc3 22. Qxc3 Rxd1+ 23. Rxd1 Bxc3 24. f4 g6 25. Bf3 Ra8 26. Bc5 Bb2 27. Kg2 Bxa3 28. Rd2 1-0

[Event "Ruhrgebiet VK1 1112"]
[Site "Nordrheinwestfalen"]
[Date "2012.03.25"]
[Round "8.2"]
[White "Huenemeyer, Dirk"]
[Black "Kock, Wolfgang"]
[Result "0-1"]
[WhiteElo "1887"]
[BlackElo "2000"]
[PlyCount "88"]
[EventDate "2012.09.18"]
[EventType "team-tourn"]
[EventRounds "9"]
[EventCountry "GER"]
[SourceTitle "EXT 2020"]
[Source "ChessBase"]
[SourceDate "2019.10.17"]
[SourceVersion "1"]
[SourceVersionDate "2019.10.17"]
[SourceQuality "1"]
[WhiteTeam "Weisse Dame Borbeck II"]
[BlackTeam "Castrop Rauxel"]
[WhiteTeamCountry "GER"]
[BlackTeamCountry "GER"]

1. c4 e5 2. Nc3 Nf6 3. e4 Nc6 4. g3 Bc5 5. Bg2 d6 6. h3 0-0 7. Nge2 Nb4 8. d3 a6 9. 0-0 Ne8 10. Kh2 Nc6 11. f4 Ne7 12. f5 c6 13. g4 b5 14. Ng3 b4 15. Nce2 Qb6 16. f6 Ng6 17. Qd2 Ra7 18. Nh5 gxf6 19. Rxf6 Nxf6 20. Nxf6+ Kg7 21. Qg5 Rh8 22. Nh5+ Kf8 23. Qf6 Re7 24. Bh6+ Ke8 25. Neg3 Rg8 26. Rf1 Be6 27. Nf5 Bxf5 28. Qxf5 Kd8 29. Bg5 Qb7 30. Bxe7+ Qxe7 31. Qxf7 Rf8 32. Qxe7+ Kxe7 33. Rxf8 Nxf8 34. Kg3 Ne6 35. h4 Be3 36. Kf3 Bc1 37. b3 a5 38. Ng3 Nd4+ 39. Kf2 Nxb3 40. Ne2 a4 41. Bf3 Bd2 42. Ng3 Nc1 43. Bd1 b3 44. a3 Na2 0-1

[Event "Ruhrgebiet VK1 1112"]
[Site "Nordrheinwestfalen"]
[Date "2012.01.08"]
[Round "5"]
[White "Wolter, Detlef"]
[Black "Kock, Wolfgang"]
[Result "1/2-1/2"]
[WhiteElo "2188"]
[BlackElo "2000"]
[PlyCount "93"]
[EventDate "2012.09.18"]
[EventType "team-tourn"]
[EventRounds "9"]
[EventCountry "GER"]
[SourceTitle "EXT 2020"]
[Source "ChessBase"]
[SourceDate "2019.10.17"]
[SourceVersion "1"]
[SourceVersionDate "2019.10.17"]
[SourceQuality "1"]
[WhiteTeam "Hoentrop SG"]
[BlackTeam "Castrop Rauxel"]
[WhiteTeamCountry "GER"]
[BlackTeamCountry "GER"]

1. d4 Nf6 2. c4 e5 3. dxe5 Ng4 4. Nf3 Bc5 5. e3 Nc6 6. Nc3 Ngxe5 7. Nxe5 Nxe5 8. Be2 0-0 9. 0-0 Re8 10. b3 b6 11. f4 Nc6 12. f5 Bb7 13. Bf3 Rb8 14. Kh1 Qf6 15. Bd2 Bd6 16. g3 Ne7 17. Bxb7 Rxb7 18. Qg4 Be5 19. Rac1 Bxc3 20. Bxc3 Qc6+ 21. Kg1 f6 22. e4 Kh8 23. e5 Ng8 24. Rce1 Rbb8 25. Qf4 Rbc8 26. Re3 fxe5 27. Bxe5 Nf6 28. Rfe1 Rf8 29. g4 d6 30. Bd4 Rfe8 31. Re7 Rxe7 32. Rxe7 Re8 33. Rxg7 Re1+ 34. Kf2 Qh1 35. Kg3 Kxg7 36. Qg5+ Kf8 37. Qxf6+ Ke8 38. Qh8+ Kd7 39. Qxh7+ Kc6 40. Qh3 Re2 41. Bf2 Qa1 42. Qg2+ Kd7 43. Qf3 Qe5+ 44. Kg2 Re4 45. Bg3 Qb2+ 46. Bf2 Qe5 47. Bg3 1/2-1/2

[Event "Ruhrgebiet VK1 1112"]
[Site "Nordrheinwestfalen"]
[Date "2011.10.09"]
[Round "2.2"]
[White "Kock, Wolfgang"]
[Black "Hein, Erwin"]
[Result "0-1"]
[WhiteElo "2000"]
[BlackElo "1989"]
[PlyCount "66"]
[EventDate "2012.09.18"]
[EventType "team-tourn"]
[EventRounds "9"]
[EventCountry "GER"]
[SourceTitle "EXT 2020"]
[Source "ChessBase"]
[SourceDate "2019.10.17"]
[SourceVersion "1"]
[SourceVersionDate "2019.10.17"]
[SourceQuality "1"]
[WhiteTeam "Castrop Rauxel"]
[BlackTeam "Dortmund FS 98"]
[WhiteTeamCountry "GER"]
[BlackTeamCountry "GER"]

1. c4 c5 2. g3 Nf6 3. Bg2 Nc6 4. d3 e6 5. Nf3 Be7 6. 0-0 0-0 7. Nc3 d5 8. cxd5 Nxd5 9. Bd2 b6 10. Rc1 Bb7 11. Nxd5 Qxd5 12. b3 Bf6 13. Bc3 Bxc3 14. Rxc3 Nd4 15. Ne1 Qe5 16. Bxb7 Nxe2+ 17. Qxe2 Qxe2 18. Bxa8 Rxa8 19. Rc2 Qd1 20. Rb2 a5 21. Kg2 h5 22. h3 Qa1 23. Rd2 Qc3 24. Nf3 a4 25. Rb1 a3 26. Rbd1 Rd8 27. d4 Rd5 28. dxc5 Rxd2 29. Rxd2 Qxc5 30. h4 f6 31. Rd8+ Kh7 32. Nd4 Qc7 33. Rf8 Qd6 0-1

[Event "Ruhrgebiet VK1 1112"]
[Site "Nordrheinwestfalen"]
[Date "2011.09.18"]
[Round "1"]
[White "Krabbe, Christian"]
[Black "Kock, Wolfgang"]
[Result "0-1"]
[WhiteElo "1955"]
[BlackElo "2000"]
[PlyCount "102"]
[EventDate "2012.09.18"]
[EventType "team-tourn"]
[EventRounds "9"]
[EventCountry "GER"]
[SourceTitle "EXT 2020"]
[Source "ChessBase"]
[SourceDate "2019.10.17"]
[SourceVersion "1"]
[SourceVersionDate "2019.10.17"]
[SourceQuality "1"]
[WhiteTeam "Kamen SV II"]
[BlackTeam "Castrop Rauxel"]
[WhiteTeamCountry "GER"]
[BlackTeamCountry "GER"]

1. Nf3 d5 2. g3 Nf6 3. Bg2 Bg4 4. d3 Nbd7 5. Nbd2 e5 6. e4 dxe4 7. dxe4 Bc5 8. 0-0 0-0 9. c3 c6 10. Qc2 Qe7 11. Nc4 Bxf3 12. Bxf3 Qe6 13. Qe2 Rfd8 14. b4 Bf8 15. Be3 b5 16. Na5 Nb6 17. Rfd1 Rxd1+ 18. Rxd1 Na4 19. Rc1 a6 20. a3 c5 21. Qc2 Rc8 22. Qb3 Qh3 23. Bg2 Qh5 24. f3 Qg6 25. Nc4 Nd7 26. Nb2 Nxb2 27. Qxb2 Qe6 28. Bf1 Nb6 29. Qf2 Na4 30. Qd2 h6 31. Qd5 Qf6 32. Be2 Rd8 33. Qb3 Rc8 34. Kg2 c4 35. Qc2 Be7 36. Rf1 Bd8 37. f4 Bb6 38. fxe5 Qxe5 39. Bg4 Re8 40. Bxb6 Nxb6 41. Qf2 Qxe4+ 42. Kh3 Qb7 43. Rd1 Rf8 44. Rd6 Na4 45. Qd4 Nb2 46. Bf5 Qf3 47. Be4 Qf1+ 48. Kh4 Re8 49. Bd5 Nd3 50. Rg6 Ne5 51. Rxa6 Kh8 0-1

[Event "Rhein Main op-B 14th"]
[Site "Bad Homburg"]
[Date "2011.06.23"]
[Round "3"]
[White "Droeser, Wolfgang"]
[Black "Kock, Wolfgang"]
[Result "0-1"]
[WhiteElo "1188"]
[BlackElo "1446"]
[PlyCount "72"]
[EventDate "2011.06.22"]
[EventType "swiss"]
[EventRounds "7"]
[EventCountry "GER"]
[SourceTitle "EXT 2012"]
[Source "ChessBase"]
[SourceDate "2011.11.24"]
[SourceVersion "1"]
[SourceVersionDate "2011.11.24"]
[SourceQuality "1"]

1. f4 e6 2. Nf3 d5 3. e3 c5 4. Be2 Nc6 5. c3 Nf6 6. d3 Bd6 7. 0-0 0-0 8. Qe1 e5 9. Nh4 exf4 10. exf4 Re8 11. h3 d4 12. a3 Qc7 13. c4 Ne7 14. Qf2 Nf5 15. Nxf5 Bxf5 16. b3 Re7 17. Ra2 Rae8 18. g4 Bd7 19. Kh2 Bc6 20. g5 Nd7 21. Bd1 Nf8 22. Kg1 Bd7 23. Kh2 Qc8 24. Bg4 Bxg4 25. hxg4 Qxg4 26. Qg1 Qh4+ 27. Kg2 Qg4+ 28. Kh2 Qf5 29. Qg3 Re2+ 30. Rxe2 Rxe2+ 31. Kg1 Re6 32. Nd2 Re3 33. Rf3 Rxf3 34. Nxf3 Qxd3 35. Bd2 Qxb3 36. Ne5 Qxg3+ 0-1

[Event "Herne-ch 14th"]
[Site "Herne"]
[Date "2011.03.29"]
[Round "7"]
[White "Kock, Wolfgang"]
[Black "Wimber, Hartmut"]
[Result "1-0"]
[WhiteElo "2134"]
[BlackElo "1889"]
[PlyCount "99"]
[EventDate "2011.02.07"]
[EventType "swiss"]
[EventRounds "7"]
[EventCountry "GER"]
[SourceTitle "EXT 2014"]
[Source "ChessBase"]
[SourceDate "2013.11.20"]
[SourceVersion "1"]
[SourceVersionDate "2013.11.20"]
[SourceQuality "1"]

1. c4 e5 2. Nc3 Bb4 3. Nd5 Be7 4. d3 Nc6 5. g3 f5 6. Bg2 Nf6 7. a3 a5 8. e3 0-0 9. Nf3 d6 10. 0-0 h6 11. Bd2 Be6 12. Nxe7+ Qxe7 13. Rc1 e4 14. Nd4 Ne5 15. Nxe6 Qxe6 16. d4 Nd3 17. Rc3 c5 18. b3 Ra7 19. Rxd3 exd3 20. Bc3 b6 21. Qxd3 Ne4 22. d5 Qe8 23. Be1 Re7 24. f3 Ng5 25. Bd2 Qh5 26. h4 Nf7 27. f4 Qg6 28. Kf2 h5 29. Re1 Rfe8 30. b4 axb4 31. axb4 Nh6 32. Bf3 Ng4+ 33. Kg2 Nf6 34. Re2 Ne4 35. Be1 Qf7 36. Qb3 g6 37. Qa4 Qf6 38. Qc6 Kg7 39. Qxb6 Nc3 40. Rc2 cxb4 41. Qxb4 Ne4 42. Bxe4 fxe4 43. Bc3 Re5 44. fxe5 Qf3+ 45. Kh2 dxe5 46. Qd6 Qf5 47. Be1 Kh6 48. Rf2 Qg4 49. Qf6 Qd1 50. Bb4 1-0